[Event "Mitropa Cup (Women)"]
[Site "Apolda"]
[Date "2024.02.16"]
[Round "2.11"]
[White "Gueci, Tea"]
[Black "Vidic, Teja"]
[Result "0-1"]
[WhiteElo "2193"]
[BlackElo "2132"]
[PlyCount "116"]
[EventDate "2024.02.15"]
[EventType "team-tourn"]
[EventRounds "9"]
[EventCountry "GER"]
[SourceTitle "CB09_2024"]
[SourceDate "2024.02.28"]
[SourceVersion "1"]
[SourceVersionDate "2024.02.28"]
[SourceQuality "1"]
[WhiteTeam "Italy (W)"]
[BlackTeam "Slovenia (W)"]
[WhiteTeamCountry "ITA"]
[BlackTeamCountry "SLO"]

1. e4 e5 2. Nf3 Nc6 3. Nc3 Nf6 4. h3 Bb4 5. Nd5 0-0 6. Nxb4 Nxb4 7. c3 Nc6 8. Qc2 d5 9. d3 h6 10. Be2 dxe4 11. dxe4 Nh5 12. 0-0 Qf6 13. Rd1 Ne7 14. Nd4 Nf4 15. Bxf4 Qxf4 16. Nb5 c6 17. Nd6 f5 18. Bc4+ Kh7 19. g3 Qg5 20. Nxc8 Raxc8 21. exf5 Nxf5 22. Be6 Rce8 23. Bd7 Re7 24. Qe4 g6 25. Bxf5 gxf5 26. Qb4 e4 27. h4 Qg7 28. Re1 b6 29. Rad1 c5 30. Qc4 f4 31. Rxe4 fxg3 32. f4 Ref7 33. Qe6 Rf6 34. Rd7 Rxe6 35. Rxg7+ Kxg7 36. Rxe6 Rxf4 37. h5 Rf2 38. b4 cxb4 39. Rg6+ Kh7 40. cxb4 Rxa2 41. Rxg3 Ra4 42. b5 Rh4 43. Ra3 Rxh5 44. Rxa7+ Kg6 45. Ra8 Rxb5 46. Rg8+ Kf5 47. Kf2 Ke4 48. Re8+ Re5 49. Rh8 h5 50. Ke2 b5 51. Kd2 Kd4 52. Kc2 Kc4 53. Rc8+ Kb4 54. Rh8 Kc4 55. Rc8+ Rc5 56. Rh8 Kd4+ 57. Kb3 Ke4 58. Rf8 Rf5 0-1

[Event "AUT-chT (Women) 2223"]
[Site "Austria"]
[Date "2023.03.05"]
[Round "7.4"]
[White "Vidic, Teja"]
[Black "Kimpel, Janine"]
[Result "1-0"]
[WhiteElo "2099"]
[BlackElo "1808"]
[PlyCount "55"]
[EventDate "2022.10.21"]
[EventType "team-tourn"]
[EventRounds "9"]
[EventCountry "AUT"]
[SourceTitle "EXT 2024"]
[Source "ChessBase"]
[SourceDate "2023.10.10"]
[SourceVersion "1"]
[SourceVersionDate "2023.10.10"]
[SourceQuality "1"]
[WhiteTeam "Baden (W)"]
[BlackTeam "Schach ohne Grenzen (W)"]
[WhiteTeamCountry "AUT"]
[BlackTeamCountry "AUT"]

1. Nf3 Nf6 2. c4 g6 3. b4 Bg7 4. Bb2 d6 5. g3 0-0 6. Bg2 a5 7. b5 Nbd7 8. 0-0 e5 9. d3 Nc5 10. Nbd2 e4 11. dxe4 Ncxe4 12. Nxe4 Nxe4 13. Bxg7 Kxg7 14. Qd4+ Nf6 15. Rfd1 Kg8 16. b6 Nd7 17. bxc7 Qxc7 18. Rac1 Ra6 19. h4 h5 20. Ng5 Nc5 21. Bd5 Qe7 22. Rc3 Ne6 23. Re3 Qxg5 24. Rxe6 Qf5 25. Rf6 Qc2 26. Rd2 Qb1+ 27. Kh2 Bf5 28. e4 1-0

[Event "AUT-chT (Women) 2223"]
[Site "Austria"]
[Date "2023.03.03"]
[Round "5.4"]
[White "Vidic, Teja"]
[Black "Hercog, Nusa"]
[Result "1-0"]
[WhiteElo "2099"]
[BlackElo "2061"]
[PlyCount "61"]
[EventDate "2022.10.21"]
[EventType "team-tourn"]
[EventRounds "9"]
[EventCountry "AUT"]
[SourceTitle "EXT 2024"]
[Source "ChessBase"]
[SourceDate "2023.10.10"]
[SourceVersion "1"]
[SourceVersionDate "2023.10.10"]
[SourceQuality "1"]
[WhiteTeam "Baden (W)"]
[BlackTeam "Feffernitz (W)"]
[WhiteTeamCountry "AUT"]
[BlackTeamCountry "AUT"]

1. e4 c6 2. d4 d5 3. e5 Bf5 4. h4 h5 5. Bd3 Bxd3 6. Qxd3 e6 7. Bg5 Qb6 8. Nd2 Nd7 9. c4 a5 10. Ngf3 Ne7 11. 0-0 f6 12. exf6 gxf6 13. Bf4 Kf7 14. Rfe1 Ng6 15. Bg3 Re8 16. Rac1 Qa6 17. Qc2 Nb6 18. b3 Bh6 19. Re2 Nf4 20. Bxf4 Bxf4 21. Rce1 Qa8 22. g3 Bc7 23. cxd5 Nxd5 24. Ne4 Nb4 25. Qb1 Nd5 26. Neg5+ Kg7 27. Nxe6+ Kf7 28. Nfg5+ fxg5 29. Nxg5+ Kg7 30. Rxe8 Rxe8 31. Qh7+ 1-0

[Event "EU-ch Cities&Town (Women) op"]
[Site "Tornelo INT"]
[Date "2023.01.29"]
[Round "?"]
[White "Drakaki, Anna Maria"]
[Black "Vidic, Teja"]
[Result "1-0"]
[WhiteElo "1941"]
[BlackElo "2138"]
[PlyCount "73"]
[EventDate "2023.01.29"]
[EventType "team-swiss"]
[EventRounds "9"]
[EventCountry "NET"]
[SourceTitle "CBM 212 Extra"]
[Source "ChessBase"]
[SourceDate "2023.03.31"]
[SourceVersion "1"]
[SourceVersionDate "2023.03.31"]
[SourceQuality "1"]
[WhiteTeam "Thessaloniki"]
[BlackTeam "Ljubljana (W)"]
[WhiteTeamCountry "GRE"]
[BlackTeamCountry "SLO"]

1. d4 d5 2. c4 c6 3. cxd5 cxd5 4. Nc3 Nf6 5. Nf3 Nc6 6. Bf4 Bf5 7. e3 e6 8. Bd3 Bxd3 9. Qxd3 Bd6 10. Bxd6 Qxd6 11. 0-0 0-0 12. Rac1 a6 13. Na4 Rac8 14. Nc5 Rc7 15. Rc3 Rfc8 16. Rfc1 Nd7 17. Nxd7 Qxd7 18. Qc2 f6 19. a3 g6 20. h3 Kf8 21. b4 b5 22. Rc5 Ke8 23. h4 Kd8 24. Nd2 Ne7 25. Nb3 Nf5 26. g3 Nd6 27. Rxc7 Qxc7 28. Nc5 Ke7 29. Qe2 Kf7 30. Kg2 h5 31. Qf3 Qe7 32. Qf4 Kg7 33. Re1 Rc6 34. Qf3 Nf5 35. Qd1 Nd6 36. Qd3 Qc7 37. Nxe6+ 1-0

[Event "EU-ch Cities&Town (Women) op"]
[Site "Tornelo INT"]
[Date "2023.01.29"]
[Round "?"]
[White "Vidic, Teja"]
[Black "Maklakova, Nellija"]
[Result "1-0"]
[WhiteElo "2138"]
[BlackElo "1817"]
[PlyCount "69"]
[EventDate "2023.01.29"]
[EventType "team-swiss"]
[EventRounds "9"]
[EventCountry "NET"]
[SourceTitle "CBM 212 Extra"]
[Source "ChessBase"]
[SourceDate "2023.03.31"]
[SourceVersion "1"]
[SourceVersionDate "2023.03.31"]
[SourceQuality "1"]
[WhiteTeam "Ljubljana (W)"]
[BlackTeam "Kuldiga"]
[WhiteTeamCountry "SLO"]
[BlackTeamCountry "LAT"]

1. e4 e6 2. d4 d5 3. Nc3 Nf6 4. e5 Nfd7 5. f4 c5 6. Nf3 Nc6 7. Be3 cxd4 8. Nxd4 a6 9. Qd2 Qc7 10. 0-0-0 Nxd4 11. Bxd4 b5 12. Kb1 Bb7 13. h4 0-0-0 14. h5 Bb4 15. Qe3 Bxc3 16. Bxc3 Kb8 17. a4 bxa4 18. Rd4 Nc5 19. Rb4 Ka8 20. Bd4 Rc8 21. Bd3 Qa5 22. c3 Rc6 23. Bxc5 Rxc5 24. Qd4 Rhc8 25. Rxa4 Qb6 26. Kc2 Kb8 27. h6 g6 28. Rha1 a5 29. R1a3 R8c6 30. Rb3 Qd8 31. Bb5 Rc7 32. Rxa5 Kc8 33. Qa4 Qh4 34. Ra8+ Bxa8 35. Qxa8# 1-0

[Event "EU-Cup (Women) 26th"]
[Site "Mayrhofen"]
[Date "2022.10.04"]
[Round "2.3"]
[White "Peglau, Mirjam"]
[Black "Vidic, Teja"]
[Result "0-1"]
[WhiteElo "1886"]
[BlackElo "2126"]
[PlyCount "38"]
[EventDate "2022.10.03"]
[EventType "team-swiss"]
[EventRounds "7"]
[EventCountry "AUT"]
[SourceTitle "CBM 210 Extra"]
[Source "ChessBase"]
[SourceDate "2022.11.30"]
[SourceVersion "1"]
[SourceVersionDate "2022.11.30"]
[SourceQuality "1"]
[WhiteTeam "Seeblick (W)"]
[BlackTeam "Ljubljana Tajfun (W)"]
[WhiteTeamCountry "AUT"]
[BlackTeamCountry "SLO"]

1. e4 e5 2. Nf3 Nc6 3. d4 exd4 4. Nxd4 Nf6 5. Nxc6 bxc6 6. Bd3 Bc5 7. 0-0 d6 8. Bg5 h6 9. Bh4 g5 10. Bg3 h5 11. e5 h4 12. Bxh4 Rxh4 13. exf6 Qxf6 14. Nd2 d5 15. Qf3 Qh6 16. Rae1+ Be6 17. Ne4 dxe4 18. Rxe4 g4 19. Qf5 Rxh2 0-1

[Event "Trieste op 24th"]
[Site "Trieste"]
[Date "2022.09.04"]
[Round "2"]
[White "Vidic, Teja"]
[Black "Petrov, Marian"]
[Result "0-1"]
[WhiteElo "2091"]
[BlackElo "2448"]
[PlyCount "104"]
[EventDate "2022.09.03"]
[EventType "swiss"]
[EventRounds "9"]
[EventCountry "ITA"]
[SourceTitle "CBM 210 Extra"]
[Source "ChessBase"]
[SourceDate "2022.11.30"]
[SourceVersion "1"]
[SourceVersionDate "2022.11.30"]
[SourceQuality "1"]

1. e4 c5 2. Nf3 Nc6 3. d4 cxd4 4. Nxd4 Qb6 5. Nb3 Nf6 6. Nc3 e6 7. Qe2 Bb4 8. Bd2 0-0 9. a3 Bxc3 10. Bxc3 e5 11. 0-0-0 Qc7 12. g4 d6 13. g5 Nd7 14. Qd3 Nc5 15. Nxc5 dxc5 16. Qd6 Qxd6 17. Rxd6 Be6 18. Rxc6 bxc6 19. Bxe5 Rfe8 20. Bd6 c4 21. e5 h6 22. h4 Kh7 23. Be2 hxg5 24. hxg5+ Kg6 25. Rg1 Rh8 26. Kd2 Rh2 27. Bc5 Rd8+ 28. Kc3 Rd5 29. Bxa7 Rxe5 30. Bxc4 Bxc4 31. Kxc4 Rh4+ 32. Kc3 Rxg5 33. Rd1 Rh3+ 34. Kc4 Rh4+ 35. Kc3 Rf5 36. Be3 Rh3 37. b4 Rxf2 38. Rd3 Rff3 39. Kd2 Rh2+ 40. Kc3 Kf5 41. a4 Ke4 42. Bd2 Rxd3+ 43. cxd3+ Kd5 44. a5 Rh8 45. Be3 Re8 46. Bd4 g5 47. a6 f5 48. a7 f4 49. Bb6 Kd6 50. Kd2 g4 51. Bc5+ Kc7 52. Bd4 Kb7 0-1

[Event "Olympiad Women-44"]
[Site "Chennai"]
[Date "2022.08.03"]
[Round "6.4"]
[White "Vidic, Teja"]
[Black "Ivekovic, Tihana"]
[Result "1-0"]
[WhiteElo "2099"]
[BlackElo "2082"]
[PlyCount "86"]
[EventDate "2022.07.29"]
[EventType "team-swiss"]
[EventRounds "11"]
[EventCountry "IND"]
[SourceTitle "CBM 210"]
[Source "ChessBase"]
[SourceDate "2022.10.31"]
[SourceVersion "1"]
[SourceVersionDate "2022.10.31"]
[SourceQuality "1"]
[WhiteTeam "Slovenia (W)"]
[BlackTeam "Croatia (W)"]
[WhiteTeamCountry "SLO"]
[BlackTeamCountry "CRO"]

1. e4 e6 2. d4 d5 3. Nc3 Bb4 4. e5 c5 5. a3 Bxc3+ 6. bxc3 Ne7 7. Qg4 Qc7 8. Qxg7 Rg8 9. Qxh7 cxd4 10. Qd3 dxc3 11. Ne2 Qxe5 12. Qxc3 Nbc6 13. Qxe5 Nxe5 14. Bb2 Nc4 15. Bc3 Bd7 16. Ng3 0-0-0 17. h4 Ba4 18. Bf6 Rd7 19. Bd3 Nd6 20. h5 Ne8 21. Bb2 f6 22. 0-0-0 Rc7 23. Rh4 Bd7 24. h6 e5 25. h7 Rh8 26. Rdh1 e4 27. Be2 Nf5 28. Rf4 Nxg3 29. fxg3 Be6 30. Bb5 Bd7 31. Bxd7+ Rxd7 32. Rfh4 Rg7 33. Rh6 Kd7 34. g4 Ke6 35. R1h5 Kf7 36. g5 Rg6 37. g4 a6 38. Kd2 Rxh6 39. Rxh6 Kg7 40. Rh5 e3+ 41. Kxe3 Kg6 42. gxf6 Nxf6 43. Bxf6 Kxf6 1-0

[Event "Olympiad Women-44"]
[Site "Chennai"]
[Date "2022.07.30"]
[Round "2.3"]
[White "Penafiel Mendoza, Josselyne Stefania"]
[Black "Vidic, Teja"]
[Result "1-0"]
[WhiteElo "1804"]
[BlackElo "2099"]
[PlyCount "143"]
[EventDate "2022.07.29"]
[EventType "team-swiss"]
[EventRounds "11"]
[EventCountry "IND"]
[SourceTitle "CBM 210"]
[Source "ChessBase"]
[SourceDate "2022.10.31"]
[SourceVersion "1"]
[SourceVersionDate "2022.10.31"]
[SourceQuality "1"]
[WhiteTeam "Ecuador (W)"]
[BlackTeam "Slovenia (W)"]
[WhiteTeamCountry "ECU"]
[BlackTeamCountry "SLO"]

1. d4 Nf6 2. c4 e6 3. Nf3 d5 4. Nc3 Bb4 5. Qa4+ Nc6 6. e3 0-0 7. Bd3 dxc4 8. Bxc4 a6 9. 0-0 Bd6 10. a3 e5 11. d5 Ne7 12. e4 Ng6 13. Re1 h6 14. Qc2 Nh5 15. g3 Bg4 16. Be2 Qd7 17. Be3 Ne7 18. Qa4 b5 19. Qb3 Kh8 20. Rad1 f5 21. exf5 Rxf5 22. Nh4 Rf7 23. Qc2 Raf8 24. Ne4 Nf6 25. Nc5 Qc8 26. Bxg4 Nxg4 27. Ne6 Nxe3 28. fxe3 Re8 29. Ng6+ Kg8 30. Nxe7+ Rexe7 31. Rf1 c5 32. Qg6 Qd7 33. Kg2 c4 34. h4 a5 35. g4 Rxf1 36. Rxf1 Rf7 37. Rf5 b4 38. axb4 axb4 39. g5 hxg5 40. Rxg5 Be7 41. Rxe5 Qe8 42. Nf4 Qf8 43. Rh5 Rf6 44. Qh7+ Kf7 45. Qe4 Qc8 46. Ne6 Rg6+ 47. Kf3 c3 48. Rf5+ Bf6 49. bxc3 bxc3 50. Nd4 Kg8 51. Nc6 Bxh4 52. Rf4 Rg3+ 53. Kf2 Rg4+ 54. Kf3 Rg3+ 55. Ke2 Qa6+ 56. Qc4 Rg2+ 57. Kd3 Qxc4+ 58. Rxc4 Be1 59. e4 g5 60. e5 g4 61. e6 Kf8 62. Rf4+ Ke8 63. e7 Rd2+ 64. Kc4 Re2 65. Rf8+ Kd7 66. Rd8+ Kc7 67. e8Q Rxe8 68. Rxe8 Bd2 69. Nd4 g3 70. Rg8 Be1 71. Nb5+ Kd7 72. Nxc3 1-0

[Event "London Menchik Memorial 1st"]
[Site "London"]
[Date "2022.06.24"]
[Round "7"]
[White "Dworakowska, Joanna"]
[Black "Vidic, Teja"]
[Result "1-0"]
[WhiteElo "2321"]
[BlackElo "2176"]
[PlyCount "71"]
[EventDate "2022.06.18"]
[EventType "tourn"]
[EventRounds "9"]
[EventCountry "ENG"]
[SourceTitle "CBM 209 Extra"]
[Source "ChessBase"]
[SourceDate "2022.09.30"]
[SourceVersion "1"]
[SourceVersionDate "2022.09.30"]
[SourceQuality "1"]

1. e4 e5 2. Nf3 Nc6 3. Bc4 Bc5 4. c3 Nf6 5. d4 exd4 6. e5 d5 7. Bb5 Ne4 8. cxd4 Bb4+ 9. Bd2 Bxd2+ 10. Nfxd2 0-0 11. Bxc6 bxc6 12. 0-0 Rb8 13. Nb3 f6 14. f3 Ng5 15. Nc3 fxe5 16. dxe5 Ne6 17. Qd2 d4 18. Ne2 c5 19. Rac1 Qd5 20. f4 Bb7 21. Rf2 Rbd8 22. Na5 Ba8 23. h4 Qe4 24. Kh2 d3 25. Ng3 Qg6 26. f5 Qg4 27. fxe6 Rxf2 28. Qxf2 d2 29. Rd1 Qxd1 30. Qf7+ Kh8 31. e7 Qg1+ 32. Kxg1 d1Q+ 33. Kh2 h6 34. Nf5 Rg8 35. e8Q Rxe8 36. Qxg7# 1-0

[Event "London Menchik Memorial 1st"]
[Site "London"]
[Date "2022.06.22"]
[Round "5"]
[White "Vidic, Teja"]
[Black "Yao, Lan"]
[Result "0-1"]
[WhiteElo "2176"]
[BlackElo "2259"]
[PlyCount "114"]
[EventDate "2022.06.18"]
[EventType "tourn"]
[EventRounds "9"]
[EventCountry "ENG"]
[SourceTitle "CBM 209 Extra"]
[Source "ChessBase"]
[SourceDate "2022.09.30"]
[SourceVersion "1"]
[SourceVersionDate "2022.09.30"]
[SourceQuality "1"]

1. e4 c5 2. Nf3 e6 3. d4 cxd4 4. Nxd4 Nc6 5. Nc3 Qc7 6. f4 a6 7. Nxc6 bxc6 8. Bd3 d5 9. 0-0 Nf6 10. Qe2 Be7 11. b3 Bb7 12. Bb2 h5 13. Rae1 h4 14. h3 Bc5+ 15. Kh2 Nh5 16. Qg4 Ng3 17. Rf3 0-0-0 18. e5 g6 19. Rxg3 hxg3+ 20. Qxg3 Be7 21. Qf3 Qa5 22. a3 c5 23. Qe2 Kb8 24. b4 cxb4 25. axb4 Qxb4 26. Bxa6 Rd7 27. Rb1 Bxa6 28. Qxa6 Ra7 29. Qd3 Qxf4+ 30. Kh1 Rb7 31. Ba3 Rxb1+ 32. Nxb1 Bxa3 33. Nxa3 Qb4 34. Qa6 Qe1+ 35. Kh2 Qxe5+ 36. Kh1 Qc7 37. Nb5 Qb7 38. Qd6+ Kc8 39. Qe5 Rxh3+ 40. gxh3 Qxb5 41. Qd6 Qb1+ 42. Kg2 Qxc2+ 43. Kf3 Qc7 44. Qf8+ Kb7 45. Qb4+ Kc6 46. Qa4+ Kd6 47. Qb4+ Kd7 48. Qf8 Qc3+ 49. Kg4 Qf6 50. h4 Qf5+ 51. Kg3 e5 52. Qc5 Qd3+ 53. Kg2 Qd4 54. Qb5+ Ke7 55. Qb7+ Kf6 56. Qb8 Kg7 57. Qd8 Qe4+ 0-1

[Event "SLO-chT (Women)"]
[Site "Rogaska Slatina"]
[Date "2022.05.15"]
[Round "3.1"]
[White "Vidic, Teja"]
[Black "Vucko, Maja"]
[Result "1-0"]
[WhiteElo "2168"]
[BlackElo "1831"]
[PlyCount "95"]
[EventDate "2022.05.13"]
[EventType "team-tourn"]
[EventRounds "5"]
[EventCountry "SLO"]
[SourceTitle "EXT 2024"]
[Source "ChessBase"]
[SourceDate "2023.10.10"]
[SourceVersion "1"]
[SourceVersionDate "2023.10.10"]
[SourceQuality "1"]
[WhiteTeam "Ljubljana Tajfun (W)"]
[BlackTeam "Kocevje (W)"]
[WhiteTeamCountry "SLO"]
[BlackTeamCountry "SLO"]

1. e4 c5 2. Nf3 d6 3. c3 Nf6 4. Be2 e6 5. 0-0 Be7 6. Re1 0-0 7. Bf1 b6 8. d4 Bb7 9. Nbd2 Nbd7 10. e5 dxe5 11. dxe5 Nd5 12. Bd3 Nf4 13. Bc2 Qc7 14. h4 Rfd8 15. g3 Ng6 16. Qe2 Qc6 17. Be4 Qc7 18. h5 Bxe4 19. Qxe4 Ngf8 20. Qf4 h6 21. Ne4 Nh7 22. g4 Ndf8 23. Be3 b5 24. Rad1 Rd5 25. Rd2 Rad8 26. Red1 Rxd2 27. Rxd2 Rxd2 28. Bxd2 f6 29. exf6 Qxf4 30. Bxf4 Nxf6 31. Nxf6+ Bxf6 32. Bd6 Nd7 33. Kf1 Kf7 34. Nd2 e5 35. Ne4 Be7 36. Ke2 Ke6 37. Bxe7 Kxe7 38. Ke3 Nf6 39. Nxf6 gxf6 40. b4 c4 41. Ke4 Ke6 42. f3 f5+ 43. gxf5+ Kf6 44. f4 exf4 45. Kxf4 Kf7 46. Ke5 Ke7 47. f6+ Kf7 48. Kf5 1-0

[Event "EU-ch 22nd"]
[Site "Terme Catez"]
[Date "2022.04.05"]
[Round "10"]
[White "Arsenie, Cristian Marc"]
[Black "Vidic, Teja"]
[Result "0-1"]
[WhiteElo "1952"]
[BlackElo "2191"]
[PlyCount "106"]
[EventDate "2022.03.27"]
[EventType "swiss"]
[EventRounds "11"]
[EventCountry "SLO"]
[SourceTitle "CBM 208"]
[Source "ChessBase"]
[SourceDate "2022.06.30"]
[SourceVersion "1"]
[SourceVersionDate "2022.06.30"]
[SourceQuality "1"]

1. e4 c5 2. Nc3 e6 3. Nf3 Nc6 4. Bb5 Nge7 5. d4 cxd4 6. Nxd4 a6 7. Be2 g6 8. Bg5 Bg7 9. Nxc6 bxc6 10. Qd6 h6 11. Be3 0-0 12. 0-0 f5 13. Bc5 Rf7 14. Bc4 Qe8 15. Na4 Bb7 16. Rad1 Nc8 17. Qg3 d5 18. Bb3 Kh7 19. e5 f4 20. Qc3 Qd8 21. f3 Ne7 22. Qb4 Nc8 23. Rfe1 a5 24. Qc3 Ba6 25. Bd4 Bb7 26. Nc5 Qe8 27. Ba4 Ba6 28. Qxa5 Bb7 29. Qc3 Bf8 30. Bb3 Bxc5 31. Bxc5 Qd8 32. Rd4 g5 33. h3 Ne7 34. Rb4 Nf5 35. Rb6 h5 36. Qd3 Qg8 37. Kf2 Qg7 38. a4 Kg8 39. Qd1 Ra5 40. Bb4 Ne3 41. Qd4 g4 42. Rg1 Ra8 43. Bd2 g3+ 44. Ke1 c5 45. Qc3 c4 46. Bxe3 fxe3 47. Qxe3 cxb3 48. cxb3 Qg6 49. Kd2 Rc8 50. Rc1 Rxc1 51. Kxc1 Rc7+ 52. Kd1 Qb1+ 53. Ke2 Qxb2+ 0-1

[Event "EU-ch 22nd"]
[Site "Terme Catez"]
[Date "2022.03.28"]
[Round "2"]
[White "Salimova, Nurgyul"]
[Black "Vidic, Teja"]
[Result "1-0"]
[WhiteElo "2399"]
[BlackElo "2191"]
[PlyCount "73"]
[EventDate "2022.03.27"]
[EventType "swiss"]
[EventRounds "11"]
[EventCountry "SLO"]
[SourceTitle "CBM 208"]
[Source "ChessBase"]
[SourceDate "2022.06.30"]
[SourceVersion "1"]
[SourceVersionDate "2022.06.30"]
[SourceQuality "1"]

1. d4 d5 2. c4 c6 3. cxd5 cxd5 4. Bf4 Nc6 5. e3 Nf6 6. Nc3 Bf5 7. Qb3 Na5 8. Qa4+ Bd7 9. Qd1 e6 10. Nf3 Be7 11. Bd3 Nh5 12. Bg3 f5 13. Ne5 Nf6 14. Rc1 0-0 15. 0-0 Rc8 16. Ne2 b5 17. b3 Qb6 18. Bh4 Qd6 19. Nf4 a6 20. Qd2 Nc6 21. Bg3 Rfe8 22. Nxc6 Bxc6 23. Ng6 Qb4 24. Nxe7+ Qxe7 25. Qa5 Qb7 26. Rc5 Bd7 27. b4 Bc6 28. a4 Nd7 29. Rc2 Ra8 30. Qc7 Rec8 31. Qd6 Nf8 32. Rfc1 Bd7 33. Rc7 Qb8 34. a5 Rxc7 35. Rxc7 Ra7 36. Rxd7 Nxd7 37. Qxe6+ 1-0

[Event "Online Olym Div Top-B"]
[Site "Chess.com INT"]
[Date "2021.09.10"]
[Round "9.2"]
[White "Bhakti, Kulkarni"]
[Black "Vidic, Teja"]
[Result "0-1"]
[WhiteElo "2388"]
[BlackElo "2172"]
[PlyCount "62"]
[EventDate "2021.09.08"]
[EventType "team (rapid)"]
[EventRounds "9"]
[EventCountry "USA"]
[SourceTitle "CBM 204 Extra"]
[Source "ChessBase"]
[SourceDate "2021.11.30"]
[SourceVersion "1"]
[SourceVersionDate "2021.11.30"]
[SourceQuality "1"]
[WhiteTeam "India"]
[BlackTeam "Slovenia"]
[WhiteTeamCountry "IND"]
[BlackTeamCountry "SLO"]

1. d4 d5 2. Bg5 Nf6 3. Bxf6 gxf6 4. e3 c5 5. Nc3 Nc6 6. Nf3 Bg4 7. dxc5 e6 8. h3 Bh5 9. Be2 Rg8 10. 0-0 f5 11. Na4 Qf6 12. Kh1 f4 13. exf4 Qxf4 14. c3 0-0-0 15. g3 Qe4 16. Kh2 d4 17. Ng1 dxc3 18. Nxc3 Qe5 19. Qe1 Bxc5 20. Bxh5 Qxh5 21. Ne4 Bd4 22. Rc1 Kb8 23. f4 f5 24. Ng5 Rge8 25. N1f3 e5 26. fxe5 Nxe5 27. Nxe5 Rxe5 28. Qd1 Qxg5 29. Qb3 Re2+ 30. Kh1 Qd2 31. Qc4 Rh2# 0-1